| Поле | Инд. | ПП | Название | Значение |
|---|---|---|---|---|
| Тип записи | a | |||
| Библиографический уровень | m | |||
| 001 | Контрольный номер | RU/LIBMSTU/262366301 | ||
| 005 | Дата корректировки | 20200422102257.2 | ||
| 084 | a | Индекс другой классификации/Индекс ББК | 94+87.3(2)5+87.63 | |
| 090 | 00 | a | Полочн. индекс | 94 |
| x | Авторский знак | П 12 | ||
| 100 | 10 | a | Автор | Павлова Т. С. |
| 245 | 00 | a | Заглавие | Философия истории в воззрениях русских мыслителей 40-60х годов XIX века |
| b | Продолж. заглавия | автореф. дис. ... канд. филос. наук : 09.00.03 | ||
| 260 | 00 | a | Место издания | Мурманск |
| c | Дата издания | 2005 | ||
| 300 | 00 | a | Объем | 21 с. |
| 600 | 14 | a | Персоналии | Белинский В. Г., русский литературный критик |
| a | Персоналии | Герцен А. И., российский публицист | ||
| a | Персоналии | Огарев Н. П., поэт | ||
| 650 | _4 | a | Основная рубрика | История-Философия-Авторефераты диссертаций; Русская философия-История, 19 в.-Авторефераты диссертаций |
| 653 | 00 | a | Ключевые слова | Исторический процесс |
| a | Ключевые слова | Философия русская | ||
| a | Ключевые слова | Философия социальная | ||
| a | Ключевые слова | Философия истории | ||
| 653 | 1_ | a | Ключевые слова | Авторефераты диссертаций |
| 901 | t | Тип документа | r | |
| 990 | 00 | f | Даты поступлений (DOS) | 11.05 |